| 000 | 00401nam a2200133Ia 4500 | ||
|---|---|---|---|
| 008 | 200626s9999 xx 000 0 und d | ||
| 020 | _a978-0-13-157987-3 | ||
| 100 | _aCoulter, Mary | ||
| 245 |
_cMary Coulter.-- _aStrategic management: _bIn action:/ |
||
| 250 | _a4th ed. | ||
| 260 |
_aNew Jersey: _bPearson Education, Inc. _c2008 |
||
| 300 | _axix, 343 pages | ||
| 500 | _aIncludes Appendix, and Index | ||
| 999 |
_c363891 _d363891 |
||